00657nam a22000737a 4500008004100000245001800041300001800059653050600077190410| ||| | ||||||0| ||spa d aHueso Fémur eHueso Fémur aHueso del miembro inferior.aHueso largo,voluminoso y resistente.aCuerpo: muy largo y oblicuo hacia abajo y medialmente.Es prismático triangular.aExtremidad superior: se encuentra la cabeza del fémur, el trocánter mayor, eltrocánter menor y el cuello del fémur.aExtremidad inferior: se encuentra la tróclea femoral con los cóndilos femorales,y participa en la articulación de la rodilla.aArticula hacia arriba con el Hueso coxal,hacia abajo con la tibia y adelante con la rótula.